000 00710nam a22002297a 4500
005 20170124110001.0
010 _aA-940354
020 _c425.00
035 _aA-940354
037 _bCen Lib/Ret
040 _aDPL
_bEN
082 _a342.54
_bDEO
100 _aDeopujari, U.P.
_915823
245 _aConstitutional reservations /
_cby U.P. Deopujari
260 _aNagpur
_bNagpur Law House
_c1997
270 _bNagpur
_a182, nandanvan layout, main road
_e440009
300 _a690p.
_c23cm(Hb)
500 _aIncludes bibliographical references and index
650 _aConstitution
_zIndia
_915824
650 _aInstructions of reservations
_915825
942 _2ddc
_cEN
_h342.54
_mDEO
999 _c125872
_d125872